000
00237nam a22001217a 4500
003
SGT
082
_a
823
_b
BYR
100
_a
BYRNE RHONDA
245
_a
THE SECRET
260
_a
UK
_b
SIMON PUB
_c
2016
300
_a
202
942
_2
ddc
_c
BK
999
_c
33721
_d
33721